Rainbow Fictional Characters Quiz Stats

 Plays Quiz Updated May 21, 2018

Score 0/24 Timer 04:00
1 Play Today
Hint Answer % Correct
Homer Simpson
97.6%
Hulk
97%
SpongeBob SquarePants
96.8%
Grinch
96.7%
Shrek
96.1%
Nemo
96%
Garfield
95.5%
Tigger
95.2%
Cookie Monster
93.7%
Genie
93.6%
Tweety
91.9%
Sonic
90%
Hint Answer % Correct
Pikachu
87.8%
Clifford
86.7%
Jessica Rabbit
85.3%
Mike Wazowski
85%
Kenny McCormick
83.9%
Dino
83.4%
Mr. Incredible
82%
Lightning McQueen
81.6%
Jane Jetson
75.4%
Waluigi
50.9%
Mega Man
41.8%
Twilight Sparkle
20.7%

You're not logged in!

Compare scores with friends on all Sporcle quizzes.
OR
Log In

Sporcle TV

Today on Sporcle TV


Watch our educational content, quiz creation guides, and fun videos on Sporcle TV.

Show Comments

Extras

Top Quizzes Today


Score Distribution

Your Account Isn't Verified!

In order to create a playlist on Sporcle, you need to verify the email address you used during registration. Go to your Sporcle Settings to finish the process.

Report this User

Report this user for behavior that violates our Community Guidelines.

Details: